[Event "WA State, Premier"]
[Site "Redmond, WA"]
[Date "2023.02.11"]
[Round "2"]
[White "Willy, Stephen"]
[Black "Wang, Ted"]
[Result "1-0"]
[WhiteElo "2017"]
[BlackElo "1972"]
[Annotator "Stephen Willy"]
[PlyCount "77"]
[EventDate "2023.02.11"]
[EventType "tourn"]
[EventRounds "9"]
[EventCountry "USA"]

1. e4 c5 2. c3 d5 3. exd5 Qxd5 4. d4 Nf6 5. Nf3 e6 6. Na3 Be7 7. Nb5 {I had
prepared this move with a Jobava London type of idea because it forces Na6 and
keeps the knight in an annoying position for black} Na6 8. Be2 O-O 9. Ne5 {
This was an interesting move which if it works I have a very active position
however stockfish thinks after cxd4 followed by Qxg2 Bf3 Qh3 black is better}
cxd4 10. cxd4 {Rather than trading queens I decide to keep more complications
and life in the position} Bb4+ (10... Qxg2 11. Bf3 Qh3) 11. Kf1 {The king may
look odd here but its actually quite safe} Qd8 {He supports Nc7 as well as a
waiting move for what my plan is} 12. Bd3 (12. Bg5 Be7) 12... Be7 {Since both
Qd8 and Be7 most likely would be needed anyways he doesn't give me
opportunities to get free tempos (I also decided not to play Bg5 because it
provokes Be7 anyways and after Nd5 the position would have been annoying for
me) he also has Nb4 ideas I have to be very careful about} 13. h4 Nb4 14. Bb1 {
I decide to save the strong bishop on d3 and not worry too much about b6 Ba6
ideas however computer thinks I should have played Rh3 right away because now
it thinks after Nc6 I don't have enough compensation for the IQP and king on f1
} (14. Rh3 Nxd3 15. Qxd3) 14... Bd7 (14... Nc6) 15. Nc3 Rc8 {I felt like Rc8
is a slight waste of time as stuff is happening on the kingside} 16. Rh3 Nbd5 {
With 2 moves that waste too much time the advantage has shifted from -1 to +0.
8 the computer was still begging for Nc6} 17. Rg3 Kh8 18. Bg5 Be8 {Somehow he
has a fortress so I decide to play Kg1 to avoid any attacks checks or backrank
issues in the future (this was actually a very strong prophylactic move)} 19.
Kg1 Qb6 {The computer immediately thinks Qd3 g6 Qd2 is +1.5 for me however I
didn't see how that helped my position but I thought I had a nice tactical
idea so I played it} 20. Qc2 (20. Qd3 g6 21. Qd2) 20... Qxd4 {So I forgot d4
was hanging and the evaluation goes from +1.5 to -1.5} 21. Ng4 {Things start
to become crazy as now I want to take on f6 and mate him and after g6 I was
having some interesting thoughts about Nxd5 however that line just doesn't work
} Nb4 {Well I guess Qe2 is forced} (21... g6 22. Nxd5 Rxc2 23. Nxe7 Nxg4 24.
Rxg4 {I was calculating this but there are 4 ways that this fails} Qxf2+ (24...
Qd1+ 25. Kh2 Rxf2) (24... Rc1+) (24... Qxb2)) 22. Qe2 {I am starting to get
low on time so I am calculating fast Qc4 seemed natural to me however Nfd5
probably just makes the game a lot more simple for him} Qc4 (22... Nfd5) 23.
Qe1 Nfd5 {And this already is a huge mistake that allows me to at least
equalize} 24. Ne3 Qc5 25. Nexd5 Nxd5 {I was looking at Nxd5 Bxg5 Rc3 but I
thought Qe4 was a strong intermezzo because I thought f5 doesn't work because
of Qxe6 and he would have to play g6 then Nxd5 with the same idea} 26. Qe4 (26.
Nxd5 Bxg5 27. Rc3 Qa5 28. b4 Qd8 {And somehow he this is fine for him}) 26...
f5 {I was confused when I saw this I thought I could just take on e6 so I did}
(26... g6 27. Nxd5 Bxg5 28. Rc3 Qd6 29. Rxc8 exd5 {This would be black's best
try if g6}) 27. Qxe6 {Bxg5 and he is better again and Bc6 he maintains a
slightly better position Rd8 and f4 are around equal and everything else is
better for me} Bf7 (27... Bxg5) (27... Bc6) (27... Rd8) (27... f4) 28. Qxf5 {
Well I am pretty sure this works} Bg6 29. Qxd5 Qxf2+ 30. Kh2 Rc5 (30... Rcd8 {
After the game he said that he thought that this and Bd6 worked but if he were
to play this I was unsure if Rf3 works or not (it does) and Bxe7 should just
be better for me}) 31. Bxe7 {The simple move for time pressure} Rxd5 32. Nxd5
Re8 33. Bxg6 hxg6 34. Rd1 Qf7 35. Bg5 Re2 36. Nf4 Rxb2 37. Rd6 Rb6 38. Rd8+ Kh7
39. Re3 {He Resigned} 1-0

[Event "WA State, Premier"]
[Site "Redmond, WA"]
[Date "2023.02.12"]
[Round "3"]
[White "Bian, Erin"]
[Black "Willy, Stephen"]
[Result "1-0"]
[WhiteElo "1994"]
[BlackElo "2017"]
[Annotator "Erin Bian"]
[PlyCount "119"]
[EventDate "2023.02.11"]
[EventType "tourn"]
[EventRounds "9"]
[EventCountry "USA"]

1. e4 c5 {Already this was a surprise: I had been expecting a Ruy Lopez. This
was not the only time in this tournament I had been out of prep by move one...}
2. Nf3 d6 3. d4 cxd4 4. Nxd4 Nf6 5. Nc3 g6 {I was glad to see this, as I am
pretty familiar with the lines in the Dragon.} 6. Be3 Bg7 7. f3 Nc6 8. Qd2 O-O
9. O-O-O d5 10. Qe1 e5 11. Nxc6 bxc6 12. exd5 Nxd5 13. Bc4 Be6 14. Kb1 Rb8 15.
Ne4 {Up until here everything was book for me. Stephen was also playing fast,
so I suspect he had prepared this pretty deep ahead of time.} Qc7 16. Bc5 Rfd8
17. g4 a5 18. Bb3 h6 {This makes ...f5 a possible idea by preventing ideas
with Ng5. The last few moves were pretty natural, but now both sides need to
find a plan.} 19. Rg1 f5 $6 {Unknown to me at the time, everything up until
Black's last move had been played before in Anand - Nakamura, 2018.19...f5 is
a reasonable idea, but dubious strategically as after 20.gxf5 black is forced
to take back with the bishop.} 20. gxf5 Bxf5 (20... gxf5 $2 21. Nf6+ $1 Nxf6 (
21... Kh8 22. Nh5 $18) 22. Bxe6+ Kh8 23. Rxd8+ Rxd8 24. Bxf5 $18) 21. h4 Rb5 {
Provokes a4 and threatens to double rooks on the b-file. However, my queenside
is pretty solidly defended.} 22. a4 Rb7 23. Ka2 Kh7 24. Ng3 $2 {I assumed that
Black would be forced to either allow an exchange on f5 or retreat the bishop
to e6, but I was wrong. Here Stephen has a superb move that neither of us even
considered during the game.} Nb4+ $2 {This was a serious mistake: after the
series of trades, Black is no longer able to get counterplay, while White has
many targets to attack.} (24... Bxc2 $1 $132 {This instantly equalizes, and,
more importantly, gives a serious attack for Black that would be tough to
defend. Of course, both sides must be extremely accurate here: the scale could
easily tip with a single inaccurate move. This position could be analyzed for
a very long time, so I'll give just a few lines.} 25. Bxc2 e4 26. Qxe4 $1 Rxb2+
27. Ka3 Rd6 $1 (27... Ra2+ $1 28. Kxa2 Nc3+ 29. Ka3 Nxe4 30. Nxe4 $11 {
Everything is forced. While Stockfish gives 0.00, both sides have a lot to
play for here in this imbalanced position.}) 28. Nh5 Nc3 $1 29. Rxg6 $1 {
Believe it or not, every move after this is forced (the two "not-only" moves
have their alternatives listed) - everything else is losing for either side!}
Ra2+ 30. Kb3 Qb8+ $1 31. Qb4 $1 Qg8+ $1 32. Re6+ Rxc2 $1 33. Nf6+ Bxf6 34. Qb7+
Kh8 35. Rdxd6 Rb2+ $1 (35... Ne4 $1 $11) 36. Kxb2 Qg2+ 37. Kc1 (37. Bf2 $11)
37... Na2+ 38. Kb1 Nc3+ 39. Kc1 Na2+ $11) 25. Bxb4 Rxd1 26. Qxd1 Rxb4 27. h5 {
Aims to quickly open up the kingside.} c5 {Black tries to trap my bishop, but
after c3 and Nxf5, I have the option of rerouting it to the b1-h7 diagonal
with Bc2.} 28. c3 Rb8 29. Nxf5 gxf5 30. Qd3 $6 {This makes my life a bit
harder after 30...e4.} (30. Qd5 $1 $18) 30... Rf8 (30... e4 $1 31. fxe4 $6 {
This was what I was planning: I had seen the following line and evauluated it
as "better, maybe winning", but I hadn't realized how advantageous my original
position was.} (31. Qd5 $1 $18) 31... Rxb3 $1 32. Kxb3 c4+ 33. Qxc4 Qb6+ 34.
Qb5 $1 Qxg1 35. Qxf5+ Kh8 36. Qxa5 $18 {In reality this is around +3, but
perhaps Black can put up better resistance than in the game.}) 31. Be6 Kh8 32.
Rg6 e4 {An interesting try that I had overlooked, but luckily white is still
winning.} 33. fxe4 f4 34. Bf5 Qf7+ 35. Kb1 f3 $6 {With the f-pawn gone, it's
hard to put up any real resistance. The rest isn't very interesting - I was
probably slightly over-cautious, but I was able to get the job done.} 36. Qxf3
Rb8 37. Qf4 Qf8 38. Qc7 Re8 39. Rxh6+ Kg8 40. Rg6 Kh8 41. Qxa5 Qf7 42. Qxc5 Qb3
43. Qd5 Qxa4 44. Qd7 Qxd7 45. Bxd7 Rxe4 46. h6 Bf8 47. Rf6 Be7 48. Rc6 Bf8 49.
Bf5 Rf4 50. Bd3 Rf3 51. Kc2 Kg8 52. h7+ Kh8 53. Rc8 Kg7 54. b4 Rf7 55. b5 Kh8
56. b6 Kg7 57. Rc7 Be7 58. b7 Bd8 59. Rxf7+ Kh8 60. Rf8+ 1-0

[Event "WA State, Premier"]
[Site "Redmond, WA"]
[Date "2023.02.12"]
[Round "3"]
[White "Frantz, Joseph"]
[Black "Kona, Vidip"]
[Result "0-1"]
[WhiteElo "1980"]
[BlackElo "1923"]
[Annotator "Joseph Frantz"]
[PlyCount "102"]
[EventDate "2023.02.11"]
[EventType "tourn"]
[EventRounds "9"]
[EventCountry "USA"]

1. d4 {[%eval 0,0]} Nf6 {[%eval 28,0]} 2. c4 {[%eval 16,0]} c5 $6 {[%eval 93,0]
Inaccuracy. e6 was best.} (2... e6 3. Nf3 d5 4. Nc3 Bb4 5. cxd5 exd5 6. Bg5 h6
7. Bh4) 3. d5 {[%eval 75,0]} e6 {[%eval 6,0]} 4. Nc3 {[%eval 48,0]} exd5 {
[%eval 97,0]} 5. cxd5 {[%eval 29,0]} d6 {[%eval 89,0]} 6. Nf3 {[%eval 86,0]} g6
{[%eval 65,0]} 7. Bf4 {[%eval 67,0]} Bg7 {[%eval 71,0]} 8. Qa4+ {[%eval 56,0]
I knew beforehand my opponent played the Benoni, so I looked at the
"Asymmetrical Benoni" section of Chess Structures by Mauricio Flores Rios
before the game, where the authors says White scores 70% in this line. Good
enough for me, I thought. It turns out that, unfortunately, you still have to
know what you're doing.} Bd7 {[%eval 49,0]} 9. Qb3 {[%eval 49,0]} Qc7 {[%eval
65,0]} 10. e4 {[%eval 35,0]} O-O {[%eval 45,0]} 11. Bd3 {[%eval 5,0]} Nh5 {
[%eval 29,0]} 12. Bd2 {[%eval 4,0]} a6 {[%eval 2,0]} 13. a4 {[%eval 7,0]} Bg4 {
[%eval 1,0]} 14. Ng5 $6 {[%eval 61,0] Inaccuracy. Be2 was best. I spent most
of this game under the illusion that I was playing quite cleverly, when I was
mostly not. Here, I expected to answer 14...h6 with 15. h3 and have an
advantage, but Stockfish thinks that's only even.} (14. Be2 Nd7) 14... Nd7 {
[%eval 65,0] Oof. I realized that stopping 15...Ne5 with 15. f4 would mean
that I could not play h3 without allowing Black's knight onto g3.} (14... h6
15. h3 hxg5 16. hxg4 Nf4) 15. f4 $2 {[%eval -179,0] Mistake. f3 was best.} (15.
f3) 15... h6 $6 {[%eval -43,0] Inaccuracy. b5 was best.} (15... b5 16. Be2 c4
17. Qc2 Bxe2 18. Nxe2 Nc5 19. O-O Nf6 20. Ng3 Rae8 21. f5 h6 22. Nh3) 16. Nf3 {
[%eval -69,0]} (16. h3 hxg5 17. hxg4 Nxf4) 16... Bxf3 {[%eval -58,0]} 17. gxf3
{[%eval -94,0] I felt that White's doubled pawns were a negligible
disadvantage and that eventually I should be able to crash through in the
center and be better.} Rfc8 {[%eval -95,0]} 18. Bc4 {[%eval -11,0] Wanting to
lure Black's knight onto b6, where it would be less useful than on d7.} Nb6 $2
{[%eval 68,0] Mistake. b5 was best.} (18... b5 19. axb5 Bxc3 20. Qxc3 axb5 21.
Rxa8 Rxa8 22. Be2 Ra1+ 23. Bd1 Qd8 24. O-O b4 25. Qe3) 19. Bf1 {[%eval -95,0]}
c4 {[%eval 98,0]} 20. Qc2 {[%eval -84,0]} Nd7 {[%eval -89,0] I had anticipated
responding to 20...Qc5 with 21. Bh3 following by 22. a5, but then I saw that
after 21...Re8 22. a5, Black can respond with 22...Nxd5.} (20... Qc5 21. Bh3
Re8 22. a5 Nxd5 (22... Nc8) 23. Nxd5 Qxd5) 21. Bh3 {[%eval -59,0]} Qd8 $2 {
[%eval 2,0] Mistake. Nc5 was best. Part of me felt like this was a cheap
threat to win a piece, but I realized I should make sure that castling
kingside doesn't lead to serious problems after a bishop check on d4 followed
by Qh4. I concluded I could always just move my king to g2 and be safe there.}
(21... Nc5 22. O-O Re8 23. Kh1 Nd3 24. f5 g5 25. Be3 Nhf4 26. f6 Bxf6 27. Bf5
Re5 28. Bxf4) 22. O-O {[%eval 15,0]} b5 {[%eval 37,0]} (22... Bd4+ 23. Kg2) 23.
axb5 {[%eval 67,0]} axb5 {[%eval 62,0]} 24. Be3 {[%eval 73,0]} b4 {[%eval 73,0]
} 25. Ne2 {[%eval 71,0]} Rxa1 {[%eval 24,0]} 26. Rxa1 {[%eval 4,0]} f5 $6 {
[%eval 69,0] Inaccuracy. b3 was best. Stockfish thinks this is a mistake and
that White should capture, but I felt like Black was trying to open the e-file
for Qe7 and Re8 followed by aggressive minor piece moves where possible. And
since I assumed I was better anyway, I felt no reason to capture.} (26... b3)
27. Ra6 $6 {[%eval 27,0] Inaccuracy. exf5 was best.} (27. exf5 Qh4 28. Bg4 Qe7
29. Bf2 b3 30. Qd2 Nhf6 31. Bh3 g5 32. Ra7 Qe8 33. Bd4 Ra8) 27... b3 {[%eval
45,0]} (27... Qh4 28. Bf1 b3 29. Qb1 Qe7 30. Rc6) 28. Qd2 $4 {[%eval -156,0]
Blunder. Qc1 was best.} (28. Qc1 Qh4) 28... Qe7 $4 {[%eval 37,0] Blunder. c3
was best. Stockfish thinks 28...c3 is best, but to play that, Black would have
to realize just how serious the promotion threats really are.} (28... c3 29.
Nxc3 Bxc3 30. bxc3 Ra8 31. Bf1 (31. Rxa8 Qxa8 32. Bf1 Qa1 33. c4 b2 34. Bd4)
31... Rxa6 32. Bxa6 Nxf4 33. Bxf4 Qb6+ 34. Be3 Qxa6 35. Bd4) 29. e5 $4 {
[%eval -45,0] Blunder. Rc6 was best. I thought that Rxg6 would lead to the
collapse of Black's position.} (29. Rc6 Ra8) 29... dxe5 {[%eval -94,0]} 30.
Rxg6 {[%eval -48,0]} exf4 {[%eval -56,0]} 31. Nxf4 $2 {[%eval -264,0] Mistake.
Bd4 was best.} (31. Bd4 Ne5 32. Bxe5 Qxe5 33. Rc6 Rd8 34. d6 Qb5 35. Rc7 Qb6+
36. Kg2 Rxd6 37. Rc8+ Kf7) 31... Ne5 $6 {[%eval -162,0] Inaccuracy. c3 was
best. Instead, it is my position which collapses. This tactic would have been
hard to visualize in advance because the fork wasn't there until my rook was
on g6 and because e5 was guarded until just now. I simply wanted to quit chess
forever at this point.} (31... c3) 32. d6 {[%eval -126,0]} Qf7 {[%eval -142,0]}
33. d7 {[%eval -109,0]} Rd8 {[%eval -242,0]} 34. Qa5 {[%eval -299,0] I had
calculated that this tactic still leaves me with a lost position, but couldn't
find anything better, and didn't have a ton of time.} Rxd7 {[%eval -252,0]} 35.
Qxe5 {[%eval -269,0]} Nxf4 {[%eval -248,0]} 36. Qxf4 {[%eval -266,0] I had
initially considered 36. Rxg7+, but realized now that the move loses because
36...Qxg7+ 37. Qxg7+ Rxg7+ leaves White down a rook.} (36. Rg3 Nxh3+ 37. Rxh3)
(36. Rxg7+ Qxg7+ 37. Qxg7+ Rxg7+ 38. Kf1) 36... Qxg6+ {[%eval -105,0]} 37. Kf2
{[%eval -295,0]} Qf7 $6 {[%eval -176,0] Inaccuracy. Rd1 was best. I felt that
this move needlessly let White back in the game. Black had to give up their c4
or f5 pawn, but the f5 pawn was much more important to hold onto, since
without it White's chances for cheapo tactics were much greater.} (37... Rd1
38. Qxc4+) (37... Rf7) 38. Bxf5 {[%eval -173,0]} Rb7 {[%eval -194,0]} 39. Qg4 {
[%eval -148,0]} h5 $4 {[%eval 69,0] Blunder. Qf6 was best.} (39... Qf6) 40. Qg5
{[%eval 68,0]} Qf6 {[%eval 31,0]} 41. Qxh5 {[%eval 27,0] I now felt that I had
good drawing chances and could possibly even win.} Re7 {[%eval 49,0]} 42. Bh7+
{[%eval 29,0]} Kf8 {[%eval 5,0]} 43. Bc5 $4 {[%eval -239,0] Blunder. Qg4 was
best. Bizarrely, White's strongest move, leading to an engine draw, is Qg4. It
would not have crossed my mind in an hour of thought that White would have a
perpetual even a rook down, yet that is what Stockfish says: 43...Qxb2+ 44.
Kf1! Rxe3 45. Qc8+ and White actually has a perpetual. Chess is very strange.}
(43. Qg4 Rxe3 (43... Qxb2+ 44. Kf1 Rxe3 45. Qc8+) 44. Kxe3 Qe5+ 45. Be4 Ke7 46.
Qc8 Bh6+ 47. f4 Qxf4+ 48. Kd4 Bg7+ 49. Kd5 Qe5+) 43... Qxb2+ {[%eval -371,0]} (
43... Qg6) 44. Kf1 {[%eval -366,0]} Qe2+ {[%eval -336,0]} 45. Kg1 {[%eval -368,
0]} Bd4+ {[%eval -391,0] The move I missed. I assumed this move was not
possible, but liquidating bishops gives Black a won position.} 46. Bxd4 {
[%eval -334,0]} Qd1+ {[%eval -356,0]} 47. Kg2 {[%eval -391,0]} Qxd4 {[%eval
-325,0] I briefly thought this move gave White a perpetual before realizing it
did not, but there was nothing better to do.} 48. Qf5+ {[%eval -361,0]} Rf7 {
[%eval -315,0]} (48... Ke8 49. Qc8+ Kf7 50. Qf5+ Qf6 51. Bg8+ Kg7 52. Qh7+ (52.
Qxf6+ Kxf6 53. Bxc4)) 49. Qc8+ {[%eval -332,0]} Kg7 $6 {[%eval -247,0]
Inaccuracy. Ke7 was best.} (49... Ke7 50. Qb7+ Kf6 51. Qc6+ Kg7 52. Qg6+ Kf8
53. Qg8+ Ke7 54. Qg5+ Kd6 55. Bg6 Rd7 56. Qa5) 50. Qg8+ $6 {[%eval -446,0]
Inaccuracy. Be4 was best.} (50. Be4 b2 51. Qg4+ Kf6 52. Qf4+ Ke6 53. Bf5+ Rxf5
54. Qxd4 b1=Q 55. Qxc4+ Kd7 56. Qd4+ Kc6) 50... Kf6 {[%eval -468,0]} 51. Kh3 $4
{[%eval 32738,0] Checkmate is now unavoidable. Qg6+ was best. A blunder, but
White is lost anyhow.} (51. Qg6+ Ke7) 51... Qd7+ {[%eval 32746,0]} 0-1